000 00398 a2200145 4500
999 _c7442
_d7442
020 _a9781847870285
050 _aHV 6158DAV 2011
100 _aDavies, Pamela
_eauthor
245 _aGender, crime and victimisation/
264 _aLondon:
_bSAGE;
_c2011
300 _a221p.;
_bill
500 _aIncludes index
650 _aMediated gender, crime and victimisation
942 _2lcc
_cBK
_h6158
_iDAV
_k2011